[Event "122nd YMCA Spring B"]
[Site "Warszawa"]
[Date "2013.05.29"]
[Round "9"]
[White "Bielecki, Pawel"]
[Black "Lasota, Adam"]
[Result "0-1"]
[WhiteElo "1983"]
[BlackElo "1893"]
[PlyCount "132"]
[EventDate "2013.04.11"]
[EventType "tourn"]
[EventRounds "1"]
[EventCountry "POL"]
[SourceDate "2013.04.11"]

1. e4 c5 2. Nf3 e6 3. d4 cxd4 4. Nxd4 Nc6 5. Nc3 Qc7 6. Be3 a6 7. Bd3 Nf6 8.
O-O Nxd4 9. Bxd4 Bc5 10. Bxc5 Qxc5 11. Re1 d6 12. Na4 Qc6 13. c4 e5 14. Rc1 Bd7
15. b3 O-O 16. Bb1 Rad8 17. Qe2 Qc7 18. Nb2 Qb6 19. Kh1 Bc6 20. Red1 Rfe8 21.
Rd2 Re7 22. Rcd1 Red7 23. f3 Ne8 24. Nd3 Nf6 25. b4 Qc7 26. Bc2 b6 27. a4 a5
28. b5 Bb7 29. Bb3 g6 30. Qe3 Ne8 31. h4 Ng7 32. g4 Ne6 33. Rg1 Nc5 34. Nc1
Nxb3 35. Qxb3 Rc8 36. Qa3 Qd8 37. g5 Rxc4 38. Nd3 Qc8 39. Rgd1 Rc3 40. Qa1 Rdc7
41. Kh2 Rc2 42. Nf2 Rxd2 43. Rxd2 Qe6 44. Qd1 Rd7 45. Ng4 Kg7 46. Nf6 Rd8 47.
Kg3 Bc8 48. Qh1 Qb3 49. Qd1 Qxd1 50. Rxd1 Be6 51. Rxd6 Rxd6 52. Ne8+ Kf8 53.
Nxd6 Bb3 54. Nc8 Bxa4 55. Nxb6 Bxb5 56. Nd5 a4 57. Nb4 a3 58. Nc2 a2 59. Kf2
Ke7 60. Ke3 Kd6 61. f4 Kc5 62. fxe5 Ba4 63. Na1 Kc4 64. Kf4 Kc3 65. e6 fxe6 66.
Ke5 Kb2 0-1

[Event "122nd YMCA Spring B"]
[Site "Warszawa"]
[Date "2013.06.03"]
[Round "10"]
[White "Koziol, Pawel"]
[Black "Bielecki, Pawel"]
[Result "1-0"]
[WhiteElo "1883"]
[BlackElo "1983"]
[PlyCount "65"]
[EventDate "2013.04.11"]
[EventType "tourn"]
[EventRounds "1"]
[EventCountry "POL"]
[SourceDate "2013.04.11"]

1. Nf3 c5 2. b3 Nc6 3. Bb2 d5 4. e3 Bg4 5. Bb5 a6 6. Bxc6+ bxc6 7. h3 Bh5 8. d3
Nf6 9. Nbd2 e6 10. Qe2 Be7 11. g4 Bg6 12. Ne5 Qc7 13. h4 h6 14. Nxg6 fxg6 15.
O-O-O e5 16. g5 Nd7 17. f4 h5 18. Rhf1 a5 19. a4 O-O-O 20. e4 Bd6 21. f5 gxf5
22. Rxf5 g6 23. Rf7 Rdf8 24. Rdf1 Qd8 25. Qg2 Nb6 26. R7f6 Rhg8 27. Bc3 Qe7 28.
Bxa5 Nd7 29. Rxf8+ Rxf8 30. Rxf8+ Qxf8 31. exd5 Qf4 32. dxc6 Nb8 33. Qd5 1-0

[Event "122nd YMCA Spring B"]
[Site "Warszawa"]
[Date "2013.05.06"]
[Round "10"]
[White "Potocki, Karol"]
[Black "Pietrzak, Wojciech"]
[Result "1-0"]
[WhiteElo "1874"]
[BlackElo "1886"]
[PlyCount "49"]
[EventDate "2013.04.11"]
[EventType "tourn"]
[EventRounds "1"]
[EventCountry "POL"]
[SourceDate "2013.04.11"]

1. d4 d5 2. c4 e6 3. Nf3 c5 4. cxd5 exd5 5. g3 c4 6. Bg2 Bb4+ 7. Nc3 Nc6 8. O-O
Nge7 9. a3 Ba5 10. Bf4 O-O 11. b4 cxb3 12. Qxb3 Bf5 13. Rfc1 Bb6 14. Rd1 Na5
15. Qa2 Rc8 16. Rac1 Be6 17. Na4 Rxc1 18. Rxc1 Nec6 19. e3 Nc4 20. Nxb6 axb6
21. h3 Qe7 22. Ng5 Ra8 23. Rxc4 Rxa3 24. Qc2 dxc4 25. Qxh7+ 1-0

[Event "122nd YMCA Spring B"]
[Site "Warszawa"]
[Date "2013.06.04"]
[Round "10"]
[White "Nowak, Lukasz"]
[Black "Melchers, Damian"]
[Result "1/2-1/2"]
[WhiteElo "1900"]
[BlackElo "1964"]
[Annotator "Admin"]
[PlyCount "108"]
[EventDate "2013.04.11"]
[EventType "tourn"]
[EventRounds "1"]
[EventCountry "POL"]
[SourceDate "2013.04.11"]

1. e4 e5 2. Nf3 Nc6 3. Bb5 Nf6 4. O-O Nxe4 5. d4 Nd6 6. Bxc6 dxc6 7. dxe5 Nf5
8. Qxd8+ Kxd8 9. Nc3 Be7 10. h3 Be6 11. b3 b6 12. Bb2 Kc8 13. Rad1 Kb7 14. Ne2
Rad8 15. Nfd4 Bc8 16. c4 c5 17. Nxf5 Bxf5 18. Nc3 c6 19. f4 h5 20. Rxd8 $11
Rxd8 21. Rd1 Rxd1+ 22. Nxd1 Bh4 23. Ne3 Bb1 24. a3 Bg3 25. f5 Bf4 26. Kf2 Bxe3+
27. Kxe3 Bxf5 28. b4 cxb4 29. axb4 g5 30. Kd4 Kc7 31. Bc1 g4 32. hxg4 Bxg4 33.
Bd2 Kd7 34. g3 Ke6 35. Bc3 Be2 36. c5 Kf5 37. cxb6 axb6 38. Ke3 Bd1 39. Bd4 Kg4
40. Kf2 $11 b5 41. Bc3 Bc2 42. Bd4 Bb3 43. Bc3 Kf5 44. Ke3 Bc4 45. Bd4 Bb3 46.
Bc3 Bc2 47. Bd4 Ke6 48. Kf4 Kd5 49. Bc5 Bg6 50. Be7 Kd4 51. Bc5+ Kd5 52. Be7
Kc4 53. Bc5 Kd5 54. Be7 Ke6 1/2-1/2

[Event "122nd YMCA Spring B"]
[Site "Warszawa"]
[Date "2013.06.03"]
[Round "10"]
[White "Chomczyk, Marek"]
[Black "Rozowski, Marcin"]
[Result "1-0"]
[WhiteElo "1942"]
[BlackElo "1883"]
[Annotator "Admin"]
[PlyCount "113"]
[EventDate "2013.04.11"]
[EventType "tourn"]
[EventRounds "1"]
[EventCountry "POL"]
[SourceDate "2013.04.11"]

1. e4 c6 2. d4 d5 3. Nc3 dxe4 4. Nxe4 Bf5 5. Ng3 Bg6 6. h4 h6 7. f4 e6 8. Nf3
Nd7 9. h5 Bh7 10. Bd3 Bxd3 11. Qxd3 Ngf6 12. Bd2 Qc7 13. O-O-O c5 14. Ne5 cxd4
15. Rhe1 Rc8 16. Nf5 Nxe5 17. Rxe5 Qc4 18. Qxc4 Rxc4 19. b3 Rc8 20. Nxd4 Bd6
21. Ree1 O-O 22. f5 e5 23. Nb5 Bb8 24. Bb4 Rfe8 25. Bd6 a6 26. Bxb8 Rxb8 27.
Nc7 Re7 28. Nd5 Nxd5 29. Rxd5 f6 30. c4 Kf7 31. g4 Rc8 32. Red1 Ke8 33. Kb2
Rec7 34. a4 Rc5 35. Rd7 R5c7 36. R7d2 Rc5 37. Ka3 R5c7 38. Kb4 Ke7 39. Ka5 Rc5+
$11 40. Kb4 R5c7 41. Rd6 Ke8 42. Ka5 Re7 43. Kb6 e4 44. Re6 Rxe6+ 45. fxe6 Rd8
46. Re1 Rd6+ 47. Kxb7 Rxe6 48. c5 Re7+ 49. Kxa6 Kd7 50. Kb7 Kd8+ 51. Kb6 Kc8
52. c6 e3 53. b4 e2 54. a5 Kb8 55. a6 Re6 56. b5 Ka8 57. Kc7 1-0

[Event "122nd YMCA Spring B"]
[Site "Warszawa"]
[Date "2013.06.03"]
[Round "10"]
[White "Pastuszko, Kinga"]
[Black "Sujkowski, Pawel"]
[Result "1/2-1/2"]
[WhiteElo "1882"]
[BlackElo "1956"]
[Annotator "Admin"]
[PlyCount "42"]
[EventDate "2013.04.11"]
[EventType "tourn"]
[EventRounds "1"]
[EventCountry "POL"]
[SourceDate "2013.04.11"]

1. e4 c5 2. Nf3 Nc6 3. d4 cxd4 4. Nxd4 Nf6 5. Nc3 e5 6. Ndb5 d6 7. Bg5 a6 8.
Na3 b5 9. Nd5 Be7 10. Bxf6 Bxf6 11. c4 b4 12. Nc2 a5 13. g3 Be6 14. Bg2 O-O 15.
O-O Rc8 16. b3 Bxd5 17. Qxd5 Nd4 18. Nxd4 exd4 19. Qh5 g6 20. Qd1 Bg7 21. Qd3
Rc7 $11 1/2-1/2

[Event "122nd YMCA Spring B"]
[Site "Warszawa"]
[Date "2013.06.11"]
[Round "11"]
[White "Rozowski, Marcin"]
[Black "Pastuszko, Kinga"]
[Result "0-1"]
[WhiteElo "1883"]
[BlackElo "1882"]
[PlyCount "46"]
[EventDate "2013.04.11"]
[EventType "tourn"]
[EventRounds "1"]
[EventCountry "POL"]
[SourceDate "2013.04.11"]

1. e4 e5 2. Nf3 Nc6 3. Bb5 Nge7 4. O-O a6 5. Ba4 d6 6. c3 h6 7. d4 b5 8. Bb3
Ng6 9. Re1 Be7 10. Nbd2 Bg5 11. a4 Bb7 12. Nf1 Bxc1 13. Qxc1 Nf4 14. Ne3 Nd3
15. Qd2 Nxe1 16. Rxe1 O-O 17. Nf5 Qf6 18. Re3 Na5 19. Ba2 Bxe4 20. Nxg7 Bg6 21.
dxe5 dxe5 22. Nxe5 Kxg7 23. Ng4 Qf4 0-1

[Event "122nd YMCA Spring B"]
[Site "Warszawa"]
[Date "2013.06.07"]
[Round "11"]
[White "Melchers, Damian"]
[Black "Chomczyk, Marek"]
[Result "0-1"]
[WhiteElo "1964"]
[BlackElo "1942"]
[PlyCount "150"]
[EventDate "2013.04.11"]
[EventType "tourn"]
[EventRounds "1"]
[EventCountry "POL"]
[SourceDate "2013.04.11"]

1. Nf3 Nf6 2. g3 d5 3. Bg2 e6 4. O-O Be7 5. d3 O-O 6. Nbd2 c5 7. Re1 Nc6 8. e4
Qc7 9. e5 Nd7 10. Qe2 b6 11. c3 Ba6 12. Nf1 Rfd8 13. Bf4 b5 14. b3 Rab8 15. h4
c4 16. bxc4 bxc4 17. d4 Qa5 18. Rac1 Ba3 19. Rc2 Bb5 20. Ng5 h6 21. Nh3 Ba4 22.
Rd2 Qxc3 23. Qg4 Kf8 24. Re3 Qc1 25. Rf3 Qb1 26. Rxa3 Bc2 27. Qe2 Bd3 28. Qh5
Nxd4 29. Bxh6 gxh6 30. Qxh6+ Ke8 31. Qg5 Qxf1+ 32. Bxf1 Nf3+ 33. Kg2 Nxg5 34.
Nxg5 Bxf1+ 35. Kxf1 Nxe5 36. Rxa7 c3 37. Re2 d4 38. Rxe5 c2 39. Re1 Rb1 40. Rc7
d3 41. Nf3 d2 42. Rxc2 Rxe1+ 43. Nxe1 d1=Q 44. Re2 Rd2 45. Rxd2 Qxd2 46. a4 Qa5
47. Ng2 Qxa4 48. Ne3 Qe4 49. Ke2 f5 50. f4 Ke7 51. Kf2 Kf6 52. Nf1 e5 53. fxe5+
Kxe5 54. Nd2 Qg4 55. Nf3+ Ke4 56. Ng5+ Kd3 57. Nf3 Qe4 58. Ne1+ Kd2 59. Nf3+
Kd1 60. Ng1 f4 61. gxf4 Qd4+ 62. Kg2 Qxf4 63. h5 Qg4+ 64. Kf2 Qxh5 65. Kg3 Qg5+
66. Kf2 Qg4 67. Nf3 Qf4 68. Kg2 Ke2 69. Ng1+ Ke3 70. Nh3 Qg4+ 71. Kh2 Kf3 72.
Ng1+ Kf2 73. Nh3+ Kf1 74. Nf4 Qxf4+ 75. Kh3 Qg5 0-1

[Event "122nd YMCA Spring B"]
[Site "Warszawa"]
[Date "2013.06.06"]
[Round "11"]
[White "Pietrzak, Wojciech"]
[Black "Sokolowski, Marek"]
[Result "1-0"]
[WhiteElo "1886"]
[BlackElo "1885"]
[PlyCount "55"]
[EventDate "2013.04.11"]
[EventType "tourn"]
[EventRounds "1"]
[EventCountry "POL"]
[SourceDate "2013.04.11"]

1. e4 c5 2. Nf3 d6 3. d4 cxd4 4. Nxd4 Nf6 5. Nc3 a6 6. h3 e6 7. g4 b5 8. Bg2
Bb7 9. Be3 Nfd7 10. O-O Nc6 11. e5 d5 12. f4 Bc5 13. Nce2 Qb6 14. Qd2 O-O 15.
Rf3 g5 16. Nxc6 Bxc6 17. Bxc5 Qxc5+ 18. Nd4 gxf4 19. Rc3 Qa7 20. Qxf4 Rac8 21.
Rf1 b4 22. Rcf3 Bb5 23. R1f2 Nc5 24. Qg5+ Kh8 25. Qf6+ Kg8 26. Rf5 exf5 27.
Nxf5 Ne6 28. Nh6# 1-0

[Event "122nd YMCA Spring B"]
[Site "Warszawa"]
[Date "2013.05.31"]
[Round "11"]
[White "Bielecki, Pawel"]
[Black "Potocki, Karol"]
[Result "0-1"]
[WhiteElo "1983"]
[BlackElo "1874"]
[PlyCount "80"]
[EventDate "2013.04.11"]
[EventType "tourn"]
[EventRounds "1"]
[EventCountry "POL"]
[SourceDate "2013.04.11"]

1. e4 e5 2. Nf3 Nc6 3. d4 exd4 4. Bc4 Bc5 5. O-O Nf6 6. e5 d5 7. exf6 dxc4 8.
fxg7 Rg8 9. Re1+ Be6 10. Ng5 Qd5 11. Nc3 Qf5 12. Nce4 Be7 13. Nxe6 fxe6 14. Bh6
O-O-O 15. Qc1 Qg6 16. Qf4 Rd5 17. Ng3 Bd6 18. Qd2 Bxg3 19. fxg3 Rh5 20. Rf1
Rxg7 21. Rf8+ Kd7 22. Bxg7 Qxg7 23. Raf1 Qh6 24. Qxh6 Rxh6 25. R1f4 e5 26. Rh4
Rxh4 27. gxh4 e4 28. Kf2 Ne5 29. Ke2 c5 30. Rh8 d3+ 31. Kd2 Ng4 32. Rxh7+ Kd6
33. cxd3 cxd3 34. h3 Ne5 35. Ke3 Nc4+ 36. Kf2 e3+ 37. Kf3 d2 38. Ke2 Nxb2 39.
Rh6+ Ke5 40. Rh5+ Kd4 0-1

[Event "122nd YMCA Spring B"]
[Site "Warszawa"]
[Date "2013.06.05"]
[Round "11"]
[White "Lasota, Adam"]
[Black "Koziol, Pawel"]
[Result "1/2-1/2"]
[WhiteElo "1893"]
[BlackElo "1883"]
[Annotator "Admin"]
[PlyCount "44"]
[EventDate "2013.04.11"]
[EventType "tourn"]
[EventRounds "1"]
[EventCountry "POL"]
[SourceDate "2013.04.11"]

1. d4 d6 2. Nf3 g6 3. Bf4 Bg7 4. h3 Nf6 5. e3 O-O 6. Be2 Nbd7 7. O-O Qe8 8. c4
e5 9. Bh2 c6 10. Nc3 h5 11. b4 Nh7 12. b5 f5 13. Qa4 Nb6 14. Qb3 c5 15. dxc5
dxc5 16. Rad1 e4 17. Nd2 Be5 18. Nd5 Bxh2+ 19. Kxh2 Qe5+ 20. Kg1 Be6 21. Nf4
Bf7 22. Nb1 Nf6 $11 1/2-1/2

[Event "122nd YMCA Spring B"]
[Site "Warszawa"]
[Date "2013.05.15"]
[Round "12"]
[White "Potocki, Karol"]
[Black "Lasota, Adam"]
[Result "0-1"]
[WhiteElo "1874"]
[BlackElo "1893"]
[PlyCount "120"]
[EventDate "2013.04.11"]
[EventType "tourn"]
[EventRounds "1"]
[EventCountry "POL"]
[SourceDate "2013.04.11"]

1. c4 Nf6 2. Nc3 d5 3. cxd5 Nxd5 4. g3 g6 5. Bg2 Nxc3 6. bxc3 Bg7 7. Nf3 O-O 8.
Qc2 Na6 9. Rb1 Nc5 10. Ba3 Bf5 11. Qc1 Bxb1 12. Qxb1 Nd7 13. h4 Nf6 14. h5 c6
15. hxg6 hxg6 16. Ng5 Qb6 17. Qc1 Qa5 18. Ne4 Nxe4 19. Bxe4 Qe5 20. Qb1 Rad8
21. d4 Qc7 22. Qb3 Rd5 23. Bxg6 fxg6 24. e4 Qd7 25. exd5 cxd5 26. O-O Rf5 27.
Qd1 e6 28. Qg4 Qf7 29. Bc1 Rf3 30. Be3 Qf5 31. Qxf5 Rxf5 32. Rb1 Rf7 33. Kf1
Kf8 34. Ke2 Rd7 35. Rb5 Kf7 36. Rc5 Bf8 37. Rc8 Bd6 38. Bf4 Be7 39. Be5 Bf6 40.
f4 g5 41. Kf3 gxf4 42. Kxf4 Bd8 43. g4 Kg6 44. Kg3 a6 45. a4 Kf7 46. Bf4 Kg6
47. Bc1 Rc7 48. Rxd8 Rxc3+ 49. Kf4 Rxc1 50. Rg8+ Kf7 51. Rb8 Rb1 52. a5 Ke7 53.
g5 Rf1+ 54. Kg4 Rg1+ 55. Kh5 Rh1+ 56. Kg6 Rb1 57. Kg7 e5 58. dxe5 d4 59. Rf8
Rg1 60. g6 Rxg6+ 0-1

[Event "122nd YMCA Spring B"]
[Site "Warszawa"]
[Date "2013.06.13"]
[Round "12"]
[White "Sokolowski, Marek"]
[Black "Bielecki, Pawel"]
[Result "0-1"]
[WhiteElo "1885"]
[BlackElo "1983"]
[PlyCount "54"]
[EventDate "2013.04.11"]
[EventType "tourn"]
[EventRounds "1"]
[EventCountry "POL"]
[SourceDate "2013.04.11"]

1. e4 e5 2. Nf3 Nc6 3. Bb5 f5 4. d3 fxe4 5. dxe4 Nf6 6. O-O Bc5 7. Bg5 d6 8.
Bxf6 Qxf6 9. Nbd2 O-O 10. c3 Bg4 11. Qa4 Ne7 12. Bd7 h5 13. h3 Bxf3 14. Nxf3
Ng6 15. Qb3+ Kh8 16. Qe6 Qxe6 17. Bxe6 Nf4 18. Ng5 Rf6 19. Bc4 h4 20. Kh2 Raf8
21. g3 Nh5 22. gxh4 Rxf2+ 23. Rxf2 Rxf2+ 24. Kg1 Ng3 25. b4 Be3 26. Nf7+ Kh7
27. Re1 Re2# 0-1

[Event "122nd YMCA Spring B"]
[Site "Warszawa"]
[Date "2013.06.08"]
[Round "12"]
[White "Nowak, Lukasz"]
[Black "Pietrzak, Wojciech"]
[Result "0-1"]
[WhiteElo "1900"]
[BlackElo "1886"]
[PlyCount "48"]
[EventDate "2013.04.11"]
[EventType "tourn"]
[EventRounds "1"]
[EventCountry "POL"]
[SourceDate "2013.04.11"]

1. e4 c5 2. Nf3 d6 3. d4 cxd4 4. Nxd4 Nf6 5. Nc3 g6 6. Be3 Bg7 7. f3 O-O 8. Qd2
Nc6 9. g4 Bd7 10. h4 h5 11. O-O-O hxg4 12. h5 Nxh5 13. Bh6 Bxd4 14. Rxh5 gxh5
15. Qg5+ Kh7 16. Rxd4 Rg8 17. Qxh5 Rg6 18. Rd5 Qh8 19. Rg5 Rxg5 20. Qxg5 Rg8
21. Qh4 Rg6 22. Bf8+ Kg8 23. Bxe7 Qxh4 24. Bxh4 Rh6 0-1

[Event "122nd YMCA Spring B"]
[Site "Warszawa"]
[Date "2013.06.13"]
[Round "12"]
[White "Pastuszko, Kinga"]
[Black "Melchers, Damian"]
[Result "1/2-1/2"]
[WhiteElo "1882"]
[BlackElo "1964"]
[PlyCount "104"]
[EventDate "2013.04.11"]
[EventType "tourn"]
[EventRounds "1"]
[EventCountry "POL"]
[SourceDate "2013.04.11"]

1. e4 c6 2. d4 d5 3. exd5 cxd5 4. h3 Bf5 5. Nf3 Nf6 6. c3 e6 7. Bf4 Bd6 8. Ne5
O-O 9. Nd2 Nc6 10. Ndf3 Qc7 11. Be2 Be4 12. Bh2 Nxe5 13. dxe5 Bxf3 14. exd6
Bxe2 15. dxc7 Bxd1 16. Rxd1 Rfc8 17. Rd4 Ne8 18. c4 Nxc7 19. Bxc7 Rxc7 20. cxd5
Rc1+ 21. Rd1 Rxd1+ 22. Kxd1 Rd8 23. Ke2 Rxd5 24. Rc1 g6 25. Rc7 Rb5 26. b3 Kg7
27. Kd3 Kf6 28. Kc4 Rb6 29. a4 a5 30. Rc5 Rb4+ 31. Kc3 Rb6 32. Rxa5 e5 33. Kc4
Kf5 34. Rb5 Rc6+ 35. Kd5 Rc7 36. Kd6 Rc6+ 37. Kd5 Rc7 38. g4+ Kf4 39. Rb4+ Kf3
40. Kxe5 Kxf2 41. Kd6 Rc6+ 42. Kd7 Kg3 43. Rxb7 Ra6 44. g5 f5 45. gxf6 Rxf6 46.
a5 Ra6 47. b4 Kxh3 48. Kc8 Ra8+ 49. Rb8 Ra7 50. Rb7 Ra8+ 51. Rb8 Ra7 52. Rb7
Ra8+ 1/2-1/2

[Event "122nd YMCA Spring B"]
[Site "Warszawa"]
[Date "2013.04.11"]
[Round "13"]
[White "Melchers, Damian"]
[Black "Sujkowski, Pawel"]
[Result "1/2-1/2"]
[WhiteElo "1964"]
[BlackElo "1956"]
[Annotator "Admin"]
[PlyCount "32"]
[EventDate "2013.04.11"]
[EventType "tourn"]
[EventRounds "1"]
[EventCountry "POL"]
[SourceDate "2013.04.11"]

1. e4 c5 2. c4 d6 3. Ne2 e5 4. f4 Nf6 5. Nbc3 Nc6 6. d3 g6 7. g3 Bg7 8. Bg2 O-O
9. O-O Nd4 10. h3 Ne8 11. Nd5 Nxe2+ 12. Qxe2 exf4 13. Bxf4 Nc7 14. Nxc7 Qxc7
15. Rae1 Re8 16. Qd2 Be6 $11 1/2-1/2

[Event "122nd YMCA Spring B"]
[Site "Warszawa"]
[Date "2013.06.18"]
[Round "13"]
[White "Pietrzak, Wojciech"]
[Black "Chomczyk, Marek"]
[Result "0-1"]
[WhiteElo "1886"]
[BlackElo "1942"]
[PlyCount "122"]
[EventDate "2013.04.11"]
[EventType "tourn"]
[EventRounds "1"]
[EventCountry "POL"]
[SourceDate "2013.04.11"]

1. e4 e5 2. Nf3 Nc6 3. d4 exd4 4. Nxd4 Bb4+ 5. c3 Bc5 6. Be3 Bb6 7. Bc4 Nf6 8.
Nd2 O-O 9. O-O Nxd4 10. cxd4 d5 11. exd5 Nxd5 12. Qf3 Be6 13. b3 c6 14. Ne4 Qe7
15. Nc5 Bxc5 16. dxc5 Nxe3 17. Qxe3 Rfe8 18. Rfe1 Rad8 19. Rad1 Rxd1 20. Rxd1
Kf8 21. Bf1 Bd5 22. Qd3 g6 23. b4 Qe4 24. Qc3 Re5 25. Qd2 Qg4 26. f3 Qe6 27.
Qh6+ Ke7 28. Qh4+ Qf6 29. Qd4 Re6 30. Qd2 Qe5 31. Bd3 Qd4+ 32. Qf2 Re3 33. Be2
Qe5 34. f4 Qc3 35. Bf3 Rd3 36. Qh4+ Kf8 37. Re1 Re3 38. Be2 Kg7 39. f5 Re4 40.
Qf2 Rf4 41. Qxf4 Qxe1+ 42. Bf1 Qc3 43. fxg6 hxg6 44. a4 a5 45. bxa5 Qxc5+ 46.
Kh1 Qxa5 47. Qd4+ Kg8 48. h4 Qe1 49. Qf6 Bc4 50. Kg1 Bxf1 51. Qxf1 Qxf1+ 52.
Kxf1 f5 53. a5 Kf7 54. Ke2 Ke6 55. Ke3 c5 56. g3 Ke5 57. Kd3 Kd5 58. Kc3 c4 59.
Kc2 Kc5 60. Kc3 Kb5 61. Kd4 Kb4 0-1

[Event "122nd YMCA Spring B"]
[Site "Warszawa"]
[Date "2013.06.11"]
[Round "13"]
[White "Bielecki, Pawel"]
[Black "Nowak, Lukasz"]
[Result "1-0"]
[WhiteElo "1983"]
[BlackElo "1900"]
[Annotator "Admin"]
[PlyCount "95"]
[EventDate "2013.04.11"]
[EventType "tourn"]
[EventRounds "1"]
[EventCountry "POL"]
[SourceDate "2013.04.11"]

1. e4 c5 2. Nf3 d6 3. d4 cxd4 4. Nxd4 Nf6 5. Nc3 a6 6. Bc4 e6 7. Bb3 Nbd7 8.
Bg5 Nc5 9. O-O Be7 10. Re1 Qc7 11. f4 b5 12. e5 dxe5 13. fxe5 Nfd7 14. Bxe7
Kxe7 15. Nf5+ Kf8 16. Nd6 Bb7 17. Qh5 g6 18. Qh6+ Kg8 19. Rad1 Qc6 20. Nxb7
Qxb7 21. Bd5 exd5 22. Nxd5 f5 23. e6 Re8 24. exd7 Rxe1+ 25. Kf2 Nxd7 26. Kxe1
Kf7 $11 27. Kf1 Nf6 28. Nxf6 Kxf6 29. Rd6+ Ke5 30. Qd2 Qe4 31. Rxa6 Qf4+ 32.
Qxf4+ Kxf4 33. Rb6 Rc8 34. c3 Rc5 35. Ke2 g5 36. Rd6 Re5+ 37. Kd2 Re4 38. b3 g4
39. Rd3 h5 40. g3+ Ke5 41. Re3 f4 42. gxf4+ Kxf4 43. Rxe4+ Kxe4 44. Ke2 Kd5 45.
a4 Kc5 46. axb5 Kxb5 47. h3 g3 48. h4 1-0

[Event "122nd YMCA Spring B"]
[Site "Warszawa"]
[Date "2013.06.19"]
[Round "13"]
[White "Lasota, Adam"]
[Black "Sokolowski, Marek"]
[Result "1/2-1/2"]
[WhiteElo "1893"]
[BlackElo "1885"]
[PlyCount "133"]
[EventDate "2013.04.11"]
[EventType "tourn"]
[EventRounds "1"]
[EventCountry "POL"]
[SourceDate "2013.04.11"]

1. d4 Nf6 2. Bf4 e6 3. e3 c5 4. c3 b6 5. Nd2 Bb7 6. Ngf3 Be7 7. a4 Nc6 8. h3
O-O 9. Be2 d5 10. Ne5 Nxe5 11. Bxe5 Bd6 12. Nf3 Bxe5 13. Nxe5 Nd7 14. Nxd7 Qxd7
15. O-O c4 16. e4 Bc6 17. e5 Rfb8 18. f4 b5 19. a5 b4 20. Bg4 bxc3 21. bxc3 g6
22. Qd2 h5 23. Bd1 Qe7 24. Bc2 Rb2 25. Rf2 Qh4 26. Qe3 Rab8 27. Kh2 Kg7 28. Qg3
Qxg3+ 29. Kxg3 Bd7 30. Kf3 Rh8 31. g3 Bc6 32. Ke3 Bd7 33. Kd2 Bc6 34. Rff1 a6
35. Rfb1 Rhb8 36. Kc1 R2b5 37. Ra2 Kf8 38. Rab2 Ke7 39. Rxb5 Bxb5 40. Kb2 Ba4+
41. Ka3 Rxb1 42. Bxb1 Bd1 43. Kb4 Kd7 44. Ba2 Kc6 45. Bb1 Kb7 46. Kc5 Kc7 47.
Ba2 Bc2 48. g4 hxg4 49. hxg4 Bd1 50. Bb1 Bxg4 51. Bc2 Bf5 52. Ba4 g5 53. fxg5
Bg6 54. Bd1 Bf5 55. Kb4 Kc6 56. Ba4+ Kc7 57. Kc5 Bg6 58. Bd1 Bd3 59. Ba4 Bg6
60. Kb4 Bh5 61. Bc2 Kc6 62. Ba4+ Kc7 63. Ka3 Bg6 64. Kb2 Bh5 65. Kc1 Bg6 66.
Kd2 Kd8 67. Kc1 1/2-1/2

[Event "122nd YMCA Spring B"]
[Site "Warszawa"]
[Date "2013.05.21"]
[Round "13"]
[White "Koziol, Pawel"]
[Black "Potocki, Karol"]
[Result "1-0"]
[WhiteElo "1883"]
[BlackElo "1874"]
[PlyCount "43"]
[EventDate "2013.04.11"]
[EventType "tourn"]
[EventRounds "1"]
[EventCountry "POL"]
[SourceDate "2013.04.11"]

1. d4 d5 2. c4 c6 3. Nf3 Nf6 4. Nc3 dxc4 5. a4 Bf5 6. e3 e6 7. Bxc4 Bb4 8. O-O
Nbd7 9. Qe2 Bg4 10. Rd1 Qc7 11. h3 Bh5 12. e4 Nb6 13. Bb3 a5 14. Bg5 h6 15.
Bxf6 gxf6 16. d5 Qe7 17. dxc6 bxc6 18. Rac1 O-O 19. Qe3 Nd7 20. Qxh6 Bxf3 21.
gxf3 Ne5 22. f4 1-0